[Event "HSK Oster Open 2025"]
[Site "HSK Schachzentrum"]
[Date "2025.04.19"]
[Round "4.7"]
[White "Malchereck, Zion"]
[Black "Heins, Simon"]
[Result "0-1"]
[WhiteElo "2063"]
[BlackElo "1777"]
[PlyCount "76"]
[EventDate "2025.04.18"]

1. e4 c5 2. Nf3 e6 3. d4 cxd4 4. Nxd4 Nf6 5. Nc3 Nc6 6. Nxc6 bxc6 7. e5 Nd5 8.
Ne4 Qc7 9. f4 Qb6 10. c4 Bb4+ 11. Ke2 Ba6 12. Kf3 f5 13. exf6 Nxf6 14. c5 Qa5
15. Nd6+ Ke7 16. Bxa6 Qxa6 17. Be3 Rhf8 18. Qd4 Ba5 19. Rhd1 Bc7 20. Nc4 Kf7
21. h4 Kg8 22. g3 Nd5 23. Re1 Rf6 24. Kg2 Raf8 25. b3 Qc8 26. Qe4 Qe8 27. Rf1
Rg6 28. Kh3 h5 29. Rad1 Nc3 30. Qd3 Nxd1 31. Rxd1 Rg4 32. Qxd7 Qg6 33. Bf2
Rxh4+ 34. Kg2 Rhxf4 35. Qxc7 Rxf2+ 36. Kg1 Qg4 37. Rd8 Rf1+ 38. Kh2 Qe2+ 0-1

[Event "HSK Oster Open 2025"]
[Site "HSK Schachzentrum"]
[Date "2025.04.19"]
[Round "4.8"]
[White "Kellner, Anton"]
[Black "Pittelkow, Andreas"]
[Result "1-0"]
[WhiteElo "1797"]
[BlackElo "2010"]
[PlyCount "45"]
[EventDate "2025.04.18"]

1. d4 f5 2. Nf3 Nf6 3. g3 e6 4. Bg2 Be7 5. O-O O-O 6. c4 d6 7. Nc3 Ne4 8. Qc2
Nxc3 9. Qxc3 Bf6 10. e3 Qe8 11. b3 e5 12. Bb2 Nd7 13. Qc2 Qh5 14. c5 e4 15. Nd2
dxc5 16. dxc5 Ne5 17. Bxe5 Bxe5 18. Rad1 Rf6 19. Nc4 Rh6 20. Rd8+ Kf7 21. Nxe5+
Ke7 22. Rfd1 f4 23. Qxe4 1-0

[Event "HSK Oster Open 2025"]
[Site "HSK Schachzentrum"]
[Date "2025.04.19"]
[Round "4.9"]
[White "Hort, Max"]
[Black "Wang, Kaiwen"]
[Result "1-0"]
[WhiteElo "2007"]
[BlackElo "1749"]
[PlyCount "51"]
[EventDate "2025.04.18"]

1. d4 Nf6 2. Nf3 c5 3. e3 e6 4. Nbd2 d5 5. c3 Nc6 6. Bd3 b6 7. Bb5 Qc7 8. Ne5
Bd7 9. Nxd7 Nxd7 10. O-O Bd6 11. h3 O-O 12. Re1 a6 13. Bf1 f5 14. Nf3 Nf6 15.
dxc5 bxc5 16. c4 Ne5 17. cxd5 Nxd5 18. Ng5 Qe7 19. e4 fxe4 20. Nxe4 Bc7 21. Bg5
Nf6 22. Qc2 Ned7 23. Bc4 Be5 24. Nxc5 Nxc5 25. Rxe5 Qd6 26. Rxc5 1-0

[Event "HSK Oster Open 2025"]
[Site "HSK Schachzentrum"]
[Date "2025.04.19"]
[Round "4.10"]
[White "Loayza, Ignacio"]
[Black "Porth, Hartmut"]
[Result "0-1"]
[WhiteElo "1811"]
[BlackElo "1996"]
[PlyCount "64"]
[EventDate "2025.04.18"]

1. d4 Nc6 2. c4 e5 3. d5 Nce7 4. Nc3 Ng6 5. a3 a5 6. Qc2 Bc5 7. e3 d6 8. Bd3
Nh6 9. Ne4 f5 10. Nxc5 dxc5 11. f3 O-O 12. Bd2 e4 13. fxe4 Ne5 14. O-O-O Nxd3+
15. Qxd3 fxe4 16. Qxe4 Bf5 17. Qe5 Ng4 18. Qg3 Qd6 19. Nh3 Qxg3 20. hxg3 Bd3
21. b3 a4 22. Bc3 Bg6 23. Rde1 axb3 24. Kb2 Nf2 25. Nf4 Nxh1 26. Rxh1 Be4 27.
Rh4 g5 28. Rg4 h6 29. Ne6 Rf2+ 30. Kc1 Bf5 31. Nxc7 Rxa3 32. Nb5 Raa2 0-1

[Event "HSK Oster Open 2025"]
[Site "HSK Schachzentrum"]
[Date "2025.04.19"]
[Round "4.11"]
[White "Thürauf, Peter"]
[Black "Soost, Stefan"]
[Result "1/2-1/2"]
[WhiteElo "1772"]
[BlackElo "1934"]
[PlyCount "53"]
[EventDate "2025.04.18"]

1. d4 d5 2. Nf3 Nf6 3. c4 c6 4. cxd5 cxd5 5. Nc3 Nc6 6. Bf4 Bf5 7. e3 e6 8. Bd3
Bxd3 9. Qxd3 Nh5 10. Bg3 Nxg3 11. hxg3 h6 12. Rc1 Be7 13. O-O O-O 14. Na4 Rc8
15. Qb5 Qd7 16. Nc5 Bxc5 17. Rxc5 Nb8 18. a4 b6 19. Rxc8 Rxc8 20. Ne5 Qc7 21.
Nd3 a6 22. Qb4 Nc6 23. Qd2 a5 24. Rc1 Qd7 25. Rc2 Na7 26. b3 Rxc2 27. Qxc2
1/2-1/2

[Event "HSK Oster Open 2025"]
[Site "HSK Schachzentrum"]
[Date "2025.04.19"]
[Round "4.13"]
[White "Rudolph, Max"]
[Black "Iachanou, Daniel"]
[Result "1/2-1/2"]
[WhiteElo "1864"]
[BlackElo "1704"]
[PlyCount "55"]
[EventDate "2025.04.18"]

1. e4 c5 2. b3 Nc6 3. Bb2 a6 4. Nf3 d6 5. Nc3 Nf6 6. h3 b5 7. d3 e6 8. g3 Be7
9. Bg2 O-O 10. O-O Bb7 11. Qe2 d5 12. Rae1 b4 13. Nd1 dxe4 14. dxe4 a5 15. Ne3
Nxe4 16. Nc4 Nd6 17. Rd1 Qc7 18. Nfe5 Nxc4 19. Nxc4 Ba6 20. Qg4 g6 21. Rfe1 h5
22. Qe4 Rac8 23. Ne5 Nd4 24. Nxg6 fxg6 25. Qxg6+ Kh8 26. Qh6+ Kg8 27. Qg6+ Kh8
28. Qh6+ 1/2-1/2

[Event "HSK Oster Open 2025"]
[Site "HSK Schachzentrum"]
[Date "2025.04.19"]
[Round "4.14"]
[White "Sharma, Rishi"]
[Black "Neumann, Hannes"]
[Result "1-0"]
[WhiteElo "1850"]
[BlackElo "1655"]
[PlyCount "83"]
[EventDate "2025.04.18"]

1. Nf3 Nf6 2. c4 g6 3. Nc3 Bg7 4. d4 O-O 5. e4 d6 6. Be2 e5 7. dxe5 dxe5 8.
Qxd8 Rxd8 9. Bg5 Nbd7 10. O-O-O Rf8 11. Ne1 c6 12. Rd6 Ne8 13. Rd1 Nc7 14. Kb1
Ne6 15. Be3 Nd4 16. Nc2 Nxe2 17. Nxe2 f5 18. exf5 gxf5 19. f3 Nf6 20. Rd6 Re8
21. Rhd1 Be6 22. b3 a5 23. Nc3 e4 24. Nd4 Bc8 25. Bg5 Nd7 26. Na4 Be5 27. Re6
Rxe6 28. Nxe6 b5 29. Nb2 Nb6 30. Rd8+ Kf7 31. Nd4 Bd7 32. Rxa8 Nxa8 33. Ne2 Nc7
34. f4 Bd6 35. Bd8 Ke8 36. Bf6 Ne6 37. g3 Nc5 38. Bc3 a4 39. b4 Nd3 40. c5 Nxb2
41. Kxb2 Be7 42. a3 1-0

[Event "HSK Oster Open 2025"]
[Site "HSK Schachzentrum"]
[Date "2025.04.19"]
[Round "4.16"]
[White "Skibbe, Kai"]
[Black "Winklmann, Alexander"]
[Result "1/2-1/2"]
[WhiteElo "1840"]
[BlackElo "1593"]
[PlyCount "75"]
[EventDate "2025.04.18"]

1. d4 Nf6 2. Bf4 g6 3. e3 Bg7 4. c3 b6 5. Nd2 Bb7 6. Ngf3 d6 7. Bd3 O-O 8. Qe2
Nbd7 9. e4 Nh5 10. Bg5 Nhf6 11. O-O e5 12. d5 Nc5 13. b4 Nxd3 14. Qxd3 Qc8 15.
a4 a5 16. Nc4 axb4 17. cxb4 Nh5 18. Rfc1 Qd7 19. Ne3 h6 20. Bh4 Nf4 21. Qc2
Rfc8 22. b5 f5 23. exf5 e4 24. f6 exf3 25. fxg7 Ne2+ 26. Kf1 Nxc1 27. Qxg6
fxg2+ 28. Kxg2 Qxg7 29. Qxg7+ Kxg7 30. Rxc1 Rxa4 31. Bd8 Kg6 32. Rxc7 Rxc7 33.
Bxc7 Rd4 34. Bxb6 Bxd5+ 35. Nxd5 Rxd5 36. Bc7 Rxb5 37. Bxd6 Rd5 38. Bg3 1/2-1/2

[Event "HSK Oster Open 2025"]
[Site "HSK Schachzentrum"]
[Date "2025.04.19"]
[Round "4.17"]
[White "Babychev, Mykhailo"]
[Black "Holmsgaard, Henrik"]
[Result "0-1"]
[WhiteElo "1698"]
[BlackElo "2146"]
[PlyCount "44"]
[EventDate "2025.04.18"]

1. d4 d5 2. c4 e6 3. Nc3 c5 4. cxd5 exd5 5. e3 Nc6 6. Nf3 Nf6 7. dxc5 Bxc5 8.
Bb5 O-O 9. O-O a6 10. Ba4 Qd6 11. a3 Rd8 12. b4 Ba7 13. Ne2 Bg4 14. Bb2 Ne4 15.
Bxc6 bxc6 16. Bd4 Bxf3 17. gxf3 Ng5 18. Kg2 Qh6 19. Ng3 Qh3+ 20. Kh1 Bxd4 21.
exd4 Rd6 22. f4 Rh6 0-1

[Event "HSK Oster Open 2025"]
[Site "HSK Schachzentrum"]
[Date "2025.04.19"]
[Round "4.18"]
[White "Schranz, Patrick"]
[Black "Falke, Ornella"]
[Result "1-0"]
[WhiteElo "1696"]
[BlackElo "2047"]
[PlyCount "111"]
[EventDate "2025.04.18"]

1. d4 Nf6 2. c4 g6 3. Nc3 d5 4. Nf3 Bg7 5. e3 O-O 6. Bd2 c6 7. cxd5 cxd5 8. Bd3
Nc6 9. O-O Re8 10. a3 a6 11. Qc2 Bg4 12. Be2 Rc8 13. Qb3 Ne4 14. Nxe4 dxe4 15.
Ng5 e6 16. Nxf7 Kxf7 17. Bxg4 h5 18. Bxe6+ Rxe6 19. d5 Ke7 20. dxe6 b5 21. Bb4+
Nxb4 22. Qxb4+ Kxe6 23. Qxe4+ Kf7 24. Rad1 Qc7 25. Qd5+ Kf8 26. Qd6+ Kf7 27.
Qxa6 Rb8 28. Rc1 Qe7 29. Qc6 Bxb2 30. Rb1 Bxa3 31. Rxb5 Rxb5 32. Qxb5 Bd6 33.
Rb1 Qc7 34. Qb7 Bxh2+ 35. Kf1 Ke6 36. Rb6+ Kf5 37. Qxc7 Bxc7 38. Rb5+ Kf6 39.
Ke2 g5 40. g3 Bd6 41. Rb6 Ke7 42. Rxd6 Kxd6 43. Kf3 Ke5 44. Kg2 Ke4 45. Kf1 Kf3
46. Kg1 Ke4 47. Kg2 Kf5 48. f3 Kf6 49. Kh3 Kf5 50. f4 h4 51. g4+ Kf6 52. fxg5+
Kxg5 53. e4 Kf4 54. Kxh4 Kxe4 55. Kg5 Ke5 56. Kg6 1-0

[Event "HSK Oster Open 2025"]
[Site "HSK Schachzentrum"]
[Date "2025.04.19"]
[Round "4.19"]
[White "Fabig, Holger"]
[Black "Haertel, Leon"]
[Result "0-1"]
[WhiteElo "2012"]
[BlackElo "1855"]
[PlyCount "54"]
[EventDate "2025.04.18"]

1. e4 c5 2. Nc3 Nc6 3. g3 e6 4. Bg2 Nf6 5. d3 d5 6. exd5 Nxd5 7. Nxd5 exd5 8.
Ne2 Bg4 9. O-O Be7 10. f3 Bf5 11. g4 Bc8 12. Ng3 O-O 13. f4 f5 14. g5 d4 15.
Re1 Bd6 16. Bd2 Qc7 17. Bd5+ Kh8 18. Qf3 Ne7 19. Bb3 Bd7 20. h4 Bc6 21. Qf2 Ng6
22. Ne2 Rfe8 23. h5 Rxe2 24. Rxe2 Nxf4 25. Bxf4 Bxf4 26. Rf1 Bg3 27. Qxf5 Bh2+
0-1

[Event "HSK Oster Open 2025"]
[Site "HSK Schachzentrum"]
[Date "2025.04.19"]
[Round "4.21"]
[White "Richter, Thomas"]
[Black "Malchereck, Romeo"]
[Result "1-0"]
[WhiteElo "1876"]
[BlackElo "1740"]
[PlyCount "37"]
[EventDate "2025.04.18"]

1. e4 c5 2. b3 Nc6 3. Bb2 e6 4. Bb5 Nf6 5. Bxc6 bxc6 6. d3 d5 7. e5 Nd7 8. f4
Qc7 9. Nf3 Be7 10. Nbd2 Rg8 11. Qe2 a5 12. a4 Ba6 13. O-O O-O-O 14. c4 d4 15.
Ne4 h6 16. Ba3 Rdf8 17. Nxd4 cxd4 18. Bxe7 Re8 19. Nd6+ 1-0

[Event "HSK Oster Open 2025"]
[Site "HSK Schachzentrum"]
[Date "2025.04.19"]
[Round "4.22"]
[White "Strate, Gerda"]
[Black "Kollath, Leno"]
[Result "1/2-1/2"]
[WhiteElo "1848"]
[BlackElo "1705"]
[PlyCount "178"]
[EventDate "2025.04.18"]

1. e4 e5 2. Nf3 Nc6 3. Bb5 Nf6 4. d3 Ne7 5. Nxe5 c6 6. Bc4 Qa5+ 7. Nc3 Qxe5 8.
g3 Qc7 9. O-O d6 10. Bg5 Ng6 11. Bxf6 gxf6 12. d4 Bg7 13. Qf3 O-O 14. h4 Qd7
15. Rfe1 Qg4 16. Qg2 Qd7 17. Be2 Ne7 18. Qf3 f5 19. Rad1 fxe4 20. Nxe4 d5 21.
Nf6+ Bxf6 22. Qxf6 Qe6 23. Qg5+ Kh8 24. Bd3 f6 25. Rxe6 fxg5 26. Rxe7 gxh4 27.
Rxh7+ Kg8 28. Rxh4 Rf7 29. Re1 Bd7 30. Rh5 Rg7 31. Rhe5 Kf8 32. Bf5 Be8 33. Re6
Rg5 34. Bd3 Rg7 35. Kg2 Rd8 36. Rh6 Kg8 37. Bf5 Rg5 38. Re5 Kg7 39. Rhe6 Bf7
40. Re7 Rb8 41. f4 Rh5 42. Bg4 Rh6 43. Bh5 Rf6 44. Kf3 Kf8 45. Bxf7 Rxf7 46.
R7e6 a5 47. g4 Kg7 48. f5 Rbf8 49. Kf4 a4 50. a3 Kh7 51. Re7 Kg7 52. Kg5 Rg8
53. f6+ Kh7+ 54. Kf5 Rgf8 55. Rxf7+ Rxf7 56. g5 Kg8 57. g6 Rf8 58. Re7 b6 59.
Re6 c5 60. dxc5 bxc5 61. Ra6 d4 62. Rxa4 Rc8 63. Ra6 c4 64. Ke4 Rd8 65. Rc6 d3
66. cxd3 cxd3 67. Rc1 d2 68. Rd1 Rd6 69. Ke3 Rxf6 70. Rxd2 Rxg6 71. Rd8+ Kf7
72. Kd4 Ke7 73. Rc8 Kd7 74. Rc4 Rg3 75. Rc3 Rg4+ 76. Kc5 Kc7 77. Kb5+ Kb7 78.
b4 Rg5+ 79. Rc5 Rg3 80. a4 Rg6 81. a5 Rf6 82. Re5 Rf7 83. a6+ Ka7 84. Ka5 Rf1
85. Re7+ Ka8 86. b5 Rf8 87. a7 Rc8 88. Ka6 Rc6+ 89. Ka5 Ra6+ 1/2-1/2

[Event "HSK Oster Open 2025"]
[Site "HSK Schachzentrum"]
[Date "2025.04.19"]
[Round "4.23"]
[White "Erk, Ben"]
[Black "Kock, Rudolf"]
[Result "1/2-1/2"]
[WhiteElo "1743"]
[BlackElo "1627"]
[PlyCount "58"]
[EventDate "2025.04.18"]

1. d4 Nf6 2. Nf3 g6 3. Nc3 c6 4. e4 Bg7 5. e5 Nd5 6. Nxd5 cxd5 7. Bd3 Nc6 8. c3
h6 9. O-O d6 10. exd6 Qxd6 11. Nd2 Be6 12. f4 f5 13. Re1 Bd7 14. Nf3 O-O 15.
Ne5 Nxe5 16. fxe5 Qc6 17. Qf3 e6 18. h4 a6 19. Qg3 Be8 20. a4 Kh7 21. Bd2 Qc7
22. Rec1 Qd7 23. c4 dxc4 24. Rxc4 b5 25. Rb4 Qd5 26. axb5 Bxb5 27. Bxb5 axb5
28. Rxa8 Rxa8 29. Qd3 Bxe5 1/2-1/2

[Event "HSK Oster Open 2025"]
[Site "HSK Schachzentrum"]
[Date "2025.04.19"]
[Round "4.24"]
[White "Lasschuit, Rene"]
[Black "Rojas Albores, Graciela Ivonne"]
[Result "1-0"]
[WhiteElo "1701"]
[BlackElo "1619"]
[PlyCount "133"]
[EventDate "2025.04.18"]

1. c4 e5 2. e3 c5 3. d4 exd4 4. exd4 cxd4 5. Qxd4 Nc6 6. Qe3+ Qe7 7. Nc3 Qxe3+
8. Bxe3 Bb4 9. Nge2 Nf6 10. a3 Bxc3+ 11. Nxc3 O-O 12. Be2 d6 13. O-O Be6 14.
Rfd1 Rad8 15. Bg5 a6 16. Bxf6 gxf6 17. Ne4 f5 18. Nxd6 Rd7 19. c5 Rfd8 20. Rd3
b6 21. b4 b5 22. f4 Bc4 23. Rg3+ Kf8 24. Bxc4 bxc4 25. Rc3 Rxd6 26. cxd6 Rxd6
27. Rxc4 Nd4 28. Kf2 Nb5 29. Ra2 Rb6 30. Rc5 Nd6 31. Kf3 Kg7 32. Rac2 Nb5 33.
Ra2 Kg6 34. Kg3 Nd4 35. Rd5 Nb5 36. Rad2 Rf6 37. a4 Nc3 38. R2d3 Nxd5 39. Rxd5
Rc6 40. Rc5 Rd6 41. Rc3 f6 42. b5 Kf7 43. Rc7+ Kg6 44. Rc6 Rd3+ 45. Kf2 axb5
46. axb5 Rd2+ 47. Kf3 Rd3+ 48. Ke2 Rb3 49. b6 h5 50. Kd2 h4 51. Kc2 Rb5 52. h3
Rb4 53. Kc3 Rb1 54. Kc4 Rb2 55. Kc5 Rxg2 56. b7 Rc2+ 57. Kd6 Rd2+ 58. Kc7 Rb2
59. b8=Q Rxb8 60. Kxb8 Kf7 61. Rc7+ Kg6 62. Kc8 Kh6 63. Kd8 Kg6 64. Ke8 Kh5 65.
Kf7 Kh6 66. Kxf6 Kh5 67. Rh7# 1-0

[Event "HSK Oster Open 2025"]
[Site "HSK Schachzentrum"]
[Date "2025.04.19"]
[Round "4.26"]
[White "Koop, Michael"]
[Black "Mi, Gufeng"]
[Result "1-0"]
[WhiteElo "1569"]
[BlackElo "1659"]
[PlyCount "99"]
[EventDate "2025.04.18"]

1. f4 d5 2. c4 c6 3. cxd5 cxd5 4. Nf3 Nc6 5. b3 Nf6 6. Bb2 e6 7. e3 Be7 8. Na3
a6 9. Nc2 O-O 10. Ncd4 Bd7 11. Be2 Re8 12. O-O Bf8 13. Ne5 Nxe5 14. fxe5 Ne4
15. d3 Nc5 16. Nf3 Bc6 17. d4 Ne4 18. Nd2 Qg5 19. Nxe4 Qxe3+ 20. Nf2 Qg5 21.
Bc1 Qe7 22. Nh3 h6 23. a4 Qb4 24. Ba3 Qc3 25. Bxf8 Kxf8 26. Bh5 Re7 27. Rf3 Qb4
28. Qd3 Kg8 29. Raf1 Rf8 30. Nf4 Ree8 31. Nh3 Qe7 32. Rg3 Qh4 33. Nf4 Qe7 34.
Qe3 Kh7 35. Nd3 Rc8 36. Nc5 Be8 37. Rc1 Rc7 38. Qd3+ Kh8 39. Qd2 Rg8 40. Rgc3
Qh4 41. Bd1 Kh7 42. Qf2 Qe7 43. Bc2+ Kh8 44. Bb1 g6 45. Qc2 Qh4 46. Qd2 Kg7 47.
Rh3 Qg5 48. Qxg5 hxg5 49. Nxe6+ fxe6 50. Rxc7+ 1-0

[Event "HSK Oster Open 2025"]
[Site "HSK Schachzentrum"]
[Date "2025.04.19"]
[Round "4.28"]
[White "Queißer, Jens"]
[Black "Wang, Kaichen"]
[Result "1-0"]
[WhiteElo "1653"]
[BlackElo "1599"]
[PlyCount "133"]
[EventDate "2025.04.18"]

1. d4 Nf6 2. Nf3 g6 3. g3 Bg7 4. Bg2 d6 5. O-O Bf5 6. Nbd2 O-O 7. Re1 Nc6 8. c3
Qd7 9. e4 Bg4 10. Qc2 e5 11. d5 Ne7 12. Nf1 Bxf3 13. Bxf3 c6 14. c4 Rac8 15.
Qe2 cxd5 16. cxd5 Rc7 17. Be3 b6 18. Rac1 Rfc8 19. Rxc7 Rxc7 20. Rc1 Qc8 21.
Rxc7 Qxc7 22. Qd1 Qc4 23. b3 Qc8 24. Kg2 Qc7 25. Nd2 b5 26. Be2 a6 27. Nf3 Nxe4
28. Qd3 Nf6 29. Nxe5 Nfxd5 30. Ng4 Qc3 31. Qe4 Qc6 32. Bf3 Nxe3+ 33. Nxe3 Qxe4
34. Bxe4 f5 35. Bb7 a5 36. Nd5 Nxd5 37. Bxd5+ Kf8 38. f4 Ke7 39. Kf3 h5 40. h4
Kd7 41. Bf7 d5 42. Bxg6 d4 43. Bxf5+ Kd6 44. Bg6 Kc5 45. Ke4 Kb4 46. Bxh5 Ka3
47. Bf7 Kb2 48. Kd3 b4 49. g4 Kxa2 50. g5 Ka3 51. h5 a4 52. bxa4 Kxa4 53. h6
Bxh6 54. gxh6 b3 55. Bxb3+ Kxb3 56. h7 Kb4 57. h8=Q Kc5 58. Qxd4+ Kc6 59. Kc4
Kb7 60. Kb5 Kc7 61. Kc5 Kb7 62. Qd7+ Ka6 63. Qd3+ Kb7 64. Kb5 Kc7 65. Qd5 Kc8
66. Kb6 Kb8 67. Qb7# 1-0

[Event "HSK Oster Open 2025"]
[Site "HSK Schachzentrum"]
[Date "2025.04.19"]
[Round "4.31"]
[White "Schwarzkopf, Jörg"]
[Black "Köhler, Nils"]
[Result "1-0"]
[WhiteElo "1863"]
[BlackElo "1513"]
[PlyCount "114"]
[EventDate "2025.04.18"]

1. Nf3 Nf6 2. g3 d5 3. Bg2 c5 4. d3 Nc6 5. O-O e5 6. e4 dxe4 7. dxe4 Qxd1 8.
Rxd1 Bg4 9. Re1 Bxf3 10. Bxf3 Nd4 11. Bd1 Be7 12. c3 Nc6 13. Ba4 O-O 14. Bxc6
bxc6 15. Nd2 Rfd8 16. Nc4 Nd7 17. Be3 f6 18. Red1 Nb6 19. Na5 Rxd1+ 20. Rxd1
Rc8 21. b3 c4 22. Bxb6 axb6 23. Nxc4 Rd8 24. Rxd8+ Bxd8 25. a4 Kf7 26. Kf1 Ke7
27. Ke2 Kd7 28. Kd3 b5 29. axb5 cxb5 30. Na3 Kc6 31. c4 b4 32. Nc2 Kc5 33. f3
h5 34. Ne3 g6 35. Nd5 f5 36. h3 h4 37. g4 f4 38. Ke2 g5 39. Kd3 Ba5 40. Ne7 Bd8
41. Nd5 Ba5 42. Nf6 Bd8 43. Nd7+ Kd6 44. Nb8 Ba5 45. Na6 Kc6 46. c5 Kb5 47. Nb8
Kxc5 48. Nd7+ Kd6 49. Nf8 Kc6 50. Kc4 Bd8 51. Ng6 Bc7 52. Kxb4 Bd6+ 53. Kc4 Kb6
54. Kd5 Bb8 55. Nxe5 Bc7 56. Nf7 Kb5 57. Nxg5 Kb4 1-0

[Event "HSK Oster Open 2025"]
[Site "HSK Schachzentrum"]
[Date "2025.04.19"]
[Round "4.32"]
[White "Pavlov, Dmitriy"]
[Black "Bezverkhiy, Dmitry"]
[Result "1-0"]
[WhiteElo "1647"]
[BlackElo "1598"]
[PlyCount "83"]
[EventDate "2025.04.18"]

1. e4 c6 2. d4 d5 3. e5 c5 4. dxc5 Nc6 5. Nf3 e6 6. Be3 Nge7 7. Bd3 Ng6 8. Bxg6
hxg6 9. c3 Bd7 10. Nbd2 Be7 11. Nb3 O-O 12. O-O Qc7 13. Bd4 Nxd4 14. cxd4 f6
15. Qc2 f5 16. Qd2 Qd8 17. h3 Kf7 18. g3 Rh8 19. h4 Rh5 20. Kg2 g5 21. hxg5
Bxg5 22. Nxg5+ Qxg5 23. Qxg5 Rxg5 24. f4 Rg4 25. Rh1 g5 26. Rh7+ Kg6 27. Rxd7
gxf4 28. Kf3 fxg3 29. Rg1 Rh8 30. Rxg3 Rhh4 31. Rxg4+ Rxg4 32. Re7 Re4 33.
Rxe6+ Kg5 34. Re8 f4 35. e6 Re3+ 36. Kf2 Kf5 37. Rf8+ Ke4 38. e7 Rf3+ 39. Ke2
Re3+ 40. Kd2 Rd3+ 41. Kc2 Re3 42. e8=Q+ 1-0

[Event "HSK Oster Open 2025"]
[Site "HSK Schachzentrum"]
[Date "2025.04.19"]
[Round "4.33"]
[White "Wang, Huanying"]
[Black "Abram, Kristina-Maria"]
[Result "0-1"]
[WhiteElo "1422"]
[BlackElo "1477"]
[PlyCount "66"]
[EventDate "2025.04.18"]

1. e4 e5 2. Bc4 Nf6 3. d3 Bc5 4. Nf3 O-O 5. O-O d6 6. c3 Bg4 7. Nbd2 Nc6 8. h3
Bh5 9. Qb3 Na5 10. Qb5 b6 11. Nb3 a6 12. Qa4 b5 13. Qxa5 bxc4 14. Nxc5 dxc5 15.
Nxe5 cxd3 16. Nc6 Qd6 17. Qa4 d2 18. e5 Qd3 19. Qf4 d1=Q 20. Kh2 Q3xf1 21. Ne7+
Kh8 22. exf6 Qh1+ 23. Kg3 Qd3+ 24. Kh4 Qxg2 25. fxg7+ Qxg7 26. Be3 Rae8 27. Qh6
Qe4+ 28. Bf4 Qxe7+ 29. Bg5 Qxh6 30. Bxe7 Rxe7 31. Rg1 Re4+ 32. Kg3 Rg8+ 33. Kh2
Qf4+ 0-1

[Event "HSK Oster Open 2025"]
[Site "HSK Schachzentrum"]
[Date "2025.04.20"]
[Round "5.1"]
[White "Koniahli, Malek"]
[Black "Bracker, Arne"]
[Result "1-0"]
[WhiteElo "2309"]
[BlackElo "2289"]
[PlyCount "102"]
[EventDate "2025.04.18"]

1. Nf3 d5 2. e3 Nf6 3. c4 e6 4. b3 Be7 5. Bb2 O-O 6. Qc2 dxc4 7. bxc4 c5 8. Bd3
Nc6 9. a3 b6 10. g4 e5 11. g5 e4 12. gxf6 exd3 13. fxe7 dxc2 14. exd8=Q cxb1=Q+
15. Rxb1 Rxd8 16. Rg1 g6 17. Ng5 Bf5 18. e4 Re8 19. d3 Rad8 20. Ke2 h6 21. Nf3
Kh7 22. Nd2 Bc8 23. f3 f5 24. Nf1 f4 25. Nd2 Be6 26. Rbd1 a6 27. Bf6 Rd6 28.
Rb1 Bd7 29. Ba1 b5 30. cxb5 axb5 31. Rgc1 Ne5 32. Rb3 b4 33. Rxc5 Nf7 34. Rxb4
g5 35. Rb7 Be6 36. a4 Kg6 37. a5 Red8 38. Rb6 g4 39. fxg4 Bxg4+ 40. Kf1 Rxb6
41. axb6 Rxd3 42. b7 Rxd2 43. Rd5 Ra2 44. Bc3 Bh3+ 45. Ke1 f3 46. Rd2 Rxd2 47.
Bxd2 Ne5 48. b8=Q Nd3+ 49. Kd1 Nf2+ 50. Kc2 Nxe4 51. Qe8+ Kf6 1-0

[Event "HSK Oster Open 2025"]
[Site "HSK Schachzentrum"]
[Date "2025.04.20"]
[Round "5.2"]
[White "Kotyk, Michael"]
[Black "Colpe, Malte"]
[Result "0-1"]
[WhiteElo "2239"]
[BlackElo "2373"]
[PlyCount "115"]
[EventDate "2025.04.18"]

1. d4 Nf6 2. c4 e6 3. Nc3 d5 4. cxd5 exd5 5. Bg5 c6 6. e3 h6 7. Bf4 Bf5 8. Bd3
Bxd3 9. Qxd3 Bd6 10. Bxd6 Qxd6 11. Nf3 Nbd7 12. O-O O-O 13. Rfe1 Rfe8 14. Re2
Re7 15. Rae1 Rae8 16. a3 Ne4 17. Nd2 Qg6 18. Ndxe4 dxe4 19. Qc4 Qg5 20. Rd2 Re6
21. d5 Rg6 22. g3 Qf5 23. f4 exf3 24. dxc6 Ne5 25. Qf1 f2+ 26. Qxf2 Qg4 27. Kh1
Nf3 28. cxb7 Nxd2 29. Qxd2 Qf3+ 30. Kg1 Qxb7 31. e4 h5 32. b4 h4 33. Kg2 hxg3
34. hxg3 Qc7 35. Re3 Qf4 36. Qe2 Qg5 37. Nd5 Rd6 38. Nf4 Qe5 39. Nd3 Qd4 40.
Nc5 Qe5 41. Nd3 Qa1 42. Nf2 Qc1 43. Rf3 Rc8 44. Qb5 Qc7 45. Rf5 Rc6 46. Rh5 Rg6
47. Rg5 a6 48. Qf5 Rxg5 49. Qxg5 Qc6 50. Qf4 Re8 51. Qf3 Re6 52. g4 Qc2 53. Qg3
Re8 54. Qd6 Qe2 55. Qd5 Qb5 56. Qd6 Rc8 57. Qd4 Qg5 58. Qd6 {Rest nicht
rekonstruierbar. 0-1 nch 65 Zügen} 0-1

[Event "HSK Oster Open 2025"]
[Site "HSK Schachzentrum"]
[Date "2025.04.20"]
[Round "5.3"]
[White "Alpers, Arne"]
[Black "Holinka, Henning"]
[Result "0-1"]
[WhiteElo "1922"]
[BlackElo "2292"]
[PlyCount "44"]
[EventDate "2025.04.18"]

1. d4 d5 2. c4 e6 3. Nc3 c5 4. cxd5 exd5 5. Nf3 Nf6 6. Bg5 Be6 7. e3 c4 8. Be2
Nbd7 9. O-O h6 10. Bh4 Bb4 11. Bxf6 Qxf6 12. Ne5 Bxc3 13. Nxd7 Bxd7 14. bxc3
O-O 15. Qb1 b5 16. Bf3 Qd6 17. a4 bxa4 18. Qb7 Bc6 19. Qa6 Rfb8 20. Rfb1 Qc7
21. Rxb8+ Rxb8 22. Bd1 Bb5 0-1

[Event "HSK Oster Open 2025"]
[Site "HSK Schachzentrum"]
[Date "2025.04.20"]
[Round "5.4"]
[White "Keyser, Robin"]
[Black "Sharma, Rishi"]
[Result "1-0"]
[WhiteElo "2169"]
[BlackElo "1850"]
[PlyCount "35"]
[EventDate "2025.04.18"]

1. d4 Nf6 2. Bg5 Ne4 3. h4 Nxg5 4. hxg5 c5 5. d5 Qb6 6. Nd2 g6 7. e4 Bg7 8. Nc4
Qc7 9. a4 Qf4 10. Ra3 Bd4 11. Nf3 Qxe4+ 12. Be2 d6 13. c3 Bg7 14. Rh4 Bg4 15.
Ne3 h5 16. gxh6 Rxh6 17. Rxg4 Rh1+ 18. Bf1 1-0

[Event "HSK Oster Open 2025"]
[Site "HSK Schachzentrum"]
[Date "2025.04.20"]
[Round "5.6"]
[White "Heins, Simon"]
[Black "Hort, Max"]
[Result "1/2-1/2"]
[WhiteElo "1777"]
[BlackElo "2007"]
[PlyCount "31"]
[EventDate "2025.04.18"]

1. e4 d6 2. d4 Nf6 3. Nc3 e5 4. dxe5 dxe5 5. Qxd8+ Kxd8 6. Bg5 Nbd7 7. Bc4 Ke8
8. O-O-O c6 9. f3 b5 10. Bd3 Bc5 11. Nge2 h6 12. Bh4 a5 13. Rhf1 Ng8 14. Bf2
Ne7 15. g3 Ng6 16. f4 1/2-1/2

[Event "HSK Oster Open 2025"]
[Site "HSK Schachzentrum"]
[Date "2025.04.20"]
[Round "5.7"]
[White "Porth, Hartmut"]
[Black "Marx, Jakob"]
[Result "1/2-1/2"]
[WhiteElo "1996"]
[BlackElo "1589"]
[PlyCount "47"]
[EventDate "2025.04.18"]

1. e4 e5 2. Nf3 Nc6 3. Bb5 a6 4. Bxc6 dxc6 5. d4 exd4 6. Qxd4 Qxd4 7. Nxd4 c5
8. Ne2 b5 9. Bf4 Bb7 10. f3 O-O-O 11. c4 c6 12. Nd2 f6 13. O-O-O g5 14. Bg3 Ne7
15. Nb3 Ng6 16. Rxd8+ Kxd8 17. Rd1+ Ke8 18. Bf2 Ne5 19. cxb5 c4 20. bxc6 Bxc6
21. Nbd4 Nd3+ 22. Rxd3 cxd3 23. Nxc6 dxe2 24. Kd2 {Rest nicht rekonstruierbar}
1/2-1/2

[Event "HSK Oster Open 2025"]
[Site "HSK Schachzentrum"]
[Date "2025.04.20"]
[Round "5.8"]
[White "Holmsgaard, Henrik"]
[Black "Skibbe, Kai"]
[Result "1-0"]
[WhiteElo "2146"]
[BlackElo "1840"]
[PlyCount "51"]
[EventDate "2025.04.18"]

1. e4 c6 2. c4 d5 3. exd5 cxd5 4. cxd5 Nf6 5. Nc3 Nxd5 6. Nf3 a6 7. Bc4 Nb6 8.
Bb3 Bg4 9. Ne5 Be6 10. Bxe6 fxe6 11. Qh5+ g6 12. Nxg6 hxg6 13. Qxh8 Qd3 14. h4
Nc6 15. Rh3 Qf5 16. Rf3 Qe5+ 17. Qxe5 Nxe5 18. Re3 Bg7 19. f4 Ned7 20. Rxe6 Kf7
21. Re3 Rc8 22. b3 Nd5 23. Nxd5 Bxa1 24. Rxe7+ Kf8 25. Ba3 Re8 26. Rxe8+ 1-0

[Event "HSK Oster Open 2025"]
[Site "HSK Schachzentrum"]
[Date "2025.04.20"]
[Round "5.9"]
[White "Knaak, Michael"]
[Black "Kahlert, Thomas"]
[Result "1/2-1/2"]
[WhiteElo "1842"]
[BlackElo "2104"]
[PlyCount "61"]
[EventDate "2025.04.18"]

1. e4 e5 2. Nc3 Nf6 3. a3 Nc6 4. Nf3 Be7 5. d4 d6 6. Bb5 Bd7 7. O-O O-O 8. Re1
Re8 9. Bxc6 Bxc6 10. Qd3 exd4 11. Nxd4 Nd7 12. Nxc6 bxc6 13. f4 Bf6 14. Bd2 Qc8
15. Rab1 a5 16. g4 Nc5 17. Qf3 Ne6 18. Ne2 Nd4 19. Nxd4 Bxd4+ 20. Be3 Bxe3+ 21.
Rxe3 a4 22. Kf2 Qe6 23. Ra1 Qf6 24. c3 Rab8 25. Re2 h6 26. Kg3 g5 27. Rd1 Rb5
28. Rd4 Ra8 29. e5 dxe5 30. fxe5 Qe6 31. Qf6 1/2-1/2